Score 0/47 Timer 03:00
1 Play Today
% Correct
Pumpkin
96.2%
pumpkin
96.2%
pumpkin
96.2%
Pumpkin?
96.2%
the
95.1%
the
95.1%
the
95.1%
the
95.1%
the
95.1%
the
95.1%
Great
94.6%
Great
94.6%
patch
73%
patch
73%
Halloween
71.2%
Halloween
71.2%
and
70.1%
and
70.1%
On
69.8%
on
69.8%
night,
68.7%
night
68.7%
to
67.5%
to
67.5%
% Correct
to
67.5%
of
59.1%
in
58.1%
children
55.7%
you
55.2%
all
51.4%
rises
48.9%
for
47.9%
out
47.8%
good
46%
little
42.6%
wait
38.6%
me
35.7%
bring
32.1%
with
28.9%
flies
27%
toys
26.4%
sit
22.4%
through
19.3%
air
17.7%
like
16.5%
Wouldn't
9.1%
everywhere.
8.2%
Remove Ads.
Support Sporcle.
Get the best of Sporcle when you Go Orange. This ad-free experience offers more features, more stats, and more fun while also helping to support Sporcle. Thank you for becoming a member.

You're not logged in!

Compare scores with friends on all Sporcle quizzes.
OR
Log In

Show Comments

Extras

Top Quizzes Today


Score Distribution

Your Account Isn't Verified!

In order to create a playlist on Sporcle, you need to verify the email address you used during registration. Go to your Sporcle Settings to finish the process.

Report this User

Report this user for behavior that violates our Community Guidelines.

Details: